| 000 | 00459nam a2200181Ia 4500 | ||
|---|---|---|---|
| 008 | 230711s9999||||xx |||||||||||||| ||und|| | ||
| 020 | _a978-81-775-8130-0 | ||
| 041 | _aENG | ||
| 082 |
_a546 _bHI-I |
||
| 100 | _aHuheey,James E | ||
| 245 | 0 | _aInorganic Chemistry : principles of structure and reactivity | |
| 250 | _a7th . Ed. | ||
| 260 |
_c2013 _aNew Delhi _bPearson |
||
| 300 | _a808p. | ||
| 650 | _aChemistry | ||
| 700 | _aKeiter,Ellen A | ||
| 942 | _cBK | ||
| 999 |
_c5758 _d5758 |
||